| 000 | 00627nam a2200181 i 4500 | ||
|---|---|---|---|
| 001 | 42969 | ||
| 003 | ES-MaACL | ||
| 005 | 20230906160718.0 | ||
| 007 | t| | ||
| 008 | 030314s1974 sp ||||1| spa d | ||
| 110 | 2 |
_aCentro Provincial Coordinador de Bibliotecas de Soria. _92780 |
|
| 245 | 1 | 0 | _aMemoria del Centro Provincial Coordinador de Bibliotecas de Soria1973. |
| 260 |
_aSoria : _bDiputación Provincial, _c1974. |
||
| 300 |
_a23 p., 7 lám. ; _c23 cm. |
||
| 500 | _aPrecede al tít.: Servicio Nacional de Lectura. | ||
| 710 | 2 |
_aEspaña. _bServicio Nacional de Lectura. _93986 |
|
| 852 |
_aES-MaACL _j2084-F-2 _bR.88985 |
||
| 999 |
_c42969 _d42969 |
||